Apuntes acerca del pensar de Heidegger

Αποθηκεύτηκε σε:
Λεπτομέρειες βιβλιογραφικής εγγραφής
Κύριος συγγραφέας: Soler, Francisco (Συγγραφέας)
Μορφή: Βιβλίο
Γλώσσα:Ισπανικά
Έκδοση: Santiago Andrés Bello 1983
Θέματα:
Ετικέτες: Προσθήκη ετικέτας
Δεν υπάρχουν, Καταχωρήστε ετικέτα πρώτοι!

MARC

LEADER 00000nam a2200000 a 4500
001 UCZ2633
003 CL-VaPUC
008 951005e19830800CL |||||||||||||||||spa|d
082 0 4 |a 142.78  |b SOL  |2 21 
100 0 |a Soler, Francisco  |e author  |9 346416 
245 1 0 |a Apuntes acerca del pensar de Heidegger 
300 |a 237 p 
942 |c BK 
945 |d 19951005 00:00:00  |a cmena 
260 |a Santiago  |b Andrés Bello  |c 1983 
650 0 |a Existencialismo  |9 265698 
650 0 |a Filosofía alemana   |9 265002 
650 7 |a SER  |2 CL-VaPUC  |9 320176 
650 0 |a Verdad  |9 313815 
650 0 |a Fenomenología  |9 256519 
583 |a last modification  |c 19951005 00:00:00  |k Rodrigo Vera 
999 |c 239198  |d 239196 
952 |0 0  |1 0  |4 0  |6 142_780000000000000_SOL_1983  |7 0  |8 A  |9 250101  |a BIBEDU  |b BIBEDU  |d 2019-11-18  |i 1569104  |o 142.78 SOL 1983  |p 1569104  |r 2019-11-18  |w 2019-11-18  |y BK  |k FIL